[Event "WY BU14 2012"]
[Site "Maribor SLO"]
[Date "2012.11.17"]
[Round "10.22"]
[White "Thybo,Jesper Sondergaard"]
[Black "Asgarizadeh,A"]
[Result "1-0"]
[WhiteElo "2001"]
[BlackElo "2170"]

1.d4 d5 2.c4 dxc4 3.e4 Nf6 4.e5 Nd5 5.Bxc4 Nb6 6.Bd3 Nc6 7.Be3 Be6 8.Nc3 Qd7
9.Nf3 Bc4 10.Bxc4 Nxc4 11.Qe2 Nb6 12.O-O e6 13.Rad1 Be7 14.Bg5 Bb4 15.Qe4 Bxc3
16.bxc3 h6 17.Bc1 O-O-O 18.Rfe1 Na5 19.h4 Qa4 20.Qb1 Nd5 21.Rd3 Qc6 22.Ba3 g5
23.hxg5 hxg5 24.Nxg5 Rdg8 25.Rg3 Rh5 26.Bc1 Rgh8 27.Nh3 Nc4 28.Re4 Ncb6 29.Bd2 Na4
30.Qd3 Rd8 31.Reg4 Rhh8 32.Rg7 Rhf8 33.c4 Ndb6 34.Bb4 Rfe8 35.Rxf7 Nxc4 36.Rgg7 Nab6
37.Rxc7+ Qxc7 38.Rxc7+ Kxc7 39.Bc5 Kb8 40.Ng5 Rc8 41.Qg6 Nd5 42.Nxe6 Rh8
43.g3 Ncb6 44.Qf7 Na4 45.Qd7 Nac3 46.Bd6+ Ka8 47.Nc5 Rxc5 48.Bxc5  1-0

[Event "TCh-HUN 2012-13"]
[Site "Dunaharaszti HUN"]
[Date "2012.11.18"]
[Round "4"]
[White "Vegh,E"]
[Black "Fodor,T jr"]
[Result "1-0"]
[WhiteElo "2291"]
[BlackElo "2487"]

1.d4 d5 2.c4 dxc4 3.e4 Nf6 4.e5 Nd5 5.Bxc4 Nb6 6.Bb3 Nc6 7.Nf3 Bf5 8.e6 fxe6
9.O-O Qd6 10.Nc3 a6 11.Re1 Nd5 12.Ne4 Bxe4 13.Rxe4 Nd8 14.Ng5 c6 15.Qf3 h6
16.Qh5+ Kd7 17.Nf7 Nf6 18.Qh3 Nxe4 19.Nxd6 exd6 20.d5 Nc5 21.dxe6+ Ndxe6
22.Bc2 a5 23.Bf5 g6 24.Bxg6 Kc7 25.Be3 Bg7 26.Re1 Be5 27.Qh4 Rad8 28.f4 Bxb2
29.Bf7 Nd4 30.Bg6 Rd7 31.Qf2 Rg8 32.Qxb2 Nf3+ 33.gxf3 Rxg6+ 34.Kh1 Re7 35.Rg1  1-0

[Event "British Rapidplay"]
[Site "Leeds ENG"]
[Date "2012.11.25"]
[Round "8.4"]
[White "Hawkins,Jo"]
[Black "Mannion,S"]
[Result "1-0"]
[WhiteElo "2511"]
[BlackElo "2351"]

1.d4 d5 2.c4 dxc4 3.e4 e5 4.Nf3 exd4 5.Bxc4 Bb4+ 6.Nbd2 Qf6 7.O-O Ne7 8.Nb3 Bg4
9.e5 Bxf3 10.exf6 Bxd1 11.fxg7 Rg8 12.Rxd1 Nbc6 13.Nxd4 Rd8 14.Be3 Rxg7 15.Nb5 Bd6
16.Nxd6+ cxd6 17.Bb5 a6 18.Bd3 Ne5 19.Bc2 h5 20.Bb6 Rd7 21.Rac1 Rg4 22.b3 f6
23.h3 Rg7 24.Kh2 Kf7 25.b4 N7c6 26.Bb3+ Ke7 27.a3 f5 28.Bd5 f4 29.g3 fxg3+
30.fxg3 Rg6 31.Kg2 Kf6 32.Be4 Rg8 33.Rf1+ Kg7 34.Rf5 Rh8 35.Rg5+ Kf6 36.Rf1+ Ke7
37.Bf5 Nf7 38.Rg6 Nce5 39.Re6+ Kf8 40.Rxe5  1-0

[Event "XXVIII Voivoda Cup"]
[Site "Legnica POL"]
[Date "2012.11.28"]
[Round "9.3"]
[White "Sieciechowicz,M"]
[Black "Mista,A"]
[Result "1/2-1/2"]
[WhiteElo "2443"]
[BlackElo "2562"]

1.d4 d5 2.c4 dxc4 3.e4 Nc6 4.Nf3 Bg4 5.Bxc4 e6 6.Be3 Bxf3 7.gxf3 Qf6 8.Bb5 Ne7
9.Nd2 O-O-O 10.Nb3 a6 11.Bxc6 Nxc6 12.Rc1 Bb4+ 13.Ke2 a5 14.Qd3 a4 15.Rxc6 bxc6
16.Qa6+ Kd7 17.Qxa4 Rb8 18.Rc1 Rhc8 19.Qxc6+ Kd8 20.Rg1 h6 21.e5 Qf5 22.Rxg7 Qb1
23.Rxf7 Qe1+ 24.Kd3 Qb1+ 25.Qc2 Qxa2 26.Nc1 Qd5 27.Qc4 Be7 28.Qxd5+ exd5
29.Rh7 c5 30.dxc5 Bxc5 31.Bxc5 Rxc5 32.Rh8+ Kc7 33.Rxb8 Kxb8 34.Ne2 Rb5 35.Kc3 Rc5+
36.Kd3 Rb5 37.Kc3 Rc5+ 38.Kd3  1/2-1/2

[Event "4th London Classic Open"]
[Site "London ENG"]
[Date "2012.12.03"]
[Round "3"]
[White "Campbell,E"]
[Black "Varnam,L"]
[Result "0-1"]
[WhiteElo "1819"]
[BlackElo "2140"]

1.d4 d5 2.c4 dxc4 3.e4 e5 4.Nf3 exd4 5.Bxc4 Nc6 6.O-O Bc5 7.Qb3 Qd7 8.e5 Na5
9.Bxf7+ Qxf7 10.Qb5+ Nc6 11.Qxc5 Qe7 12.Qc2 Bg4 13.Bg5 Qe6 14.Nbd2 h6 15.Bh4 g5
16.Nxg5 hxg5 17.Bxg5 Bf5 18.Qa4 Ne7 19.Bf6 Rg8 20.Kh1 Nd5 21.Bh4 Qh6 22.Nf3 Be4
23.Bg3 Bxf3 24.gxf3 O-O-O 25.Rac1 Nf4 26.Rxc6 bxc6 27.Bxf4 Qxf4 28.Qxc6 Qxe5
29.Rc1 Rh8 30.f4 Qd5+  0-1

[Event "5th Kolkata Open"]
[Site "Kolkata IND"]
[Date "2012.12.06"]
[Round "4"]
[White "Narayanan,SL"]
[Black "Das,Arg"]
[Result "1-0"]
[WhiteElo "2373"]
[BlackElo "2476"]

1.d4 d5 2.c4 dxc4 3.e4 Nf6 4.e5 Nd5 5.Bxc4 Nb6 6.Bb3 Nc6 7.Ne2 Bf5 8.Nbc3 e6
9.O-O Qd7 10.Be3 Na5 11.Bc2 Bxc2 12.Qxc2 Nc6 13.a3 Be7 14.Rad1 O-O-O 15.Nf4 Kb8
16.Qe4 Nd5 17.Ncxd5 exd5 18.Qc2 f6 19.Rfe1 g5 20.exf6 Bxf6 21.Nh5 Qf7 22.Qe2 h6
23.Qf3 Rhf8 24.h3 a6 25.Ng3 Qh7 26.Qf5 Qh8 27.Qg4 Rfe8 28.Re2 Na5 29.Bd2 Rxe2
30.Qxe2 Nc4 31.Bc3 Nd6 32.Qf3 Ne4 33.Nxe4 dxe4 34.Qxe4 c5 35.d5 Bxc3 36.bxc3 Qxc3
37.Qe7 Qa5 38.Rb1 b5 39.Qxc5 Qc7 40.Qd4 Ka8 41.a4 bxa4 42.Qxa4 Rd6 43.Qe8+ Ka7
44.Qe3+ Ka8 45.Rc1 Qd7 46.Qa3 Ka7 47.Qa5 Kb7 48.Rb1+ Ka7 49.g3 Qc8 50.Qb4 Qc7
51.Qd4+ Ka8 52.Re1 Qd7 53.Qh8+ Ka7 54.Qf8 Kb6 55.Re7 Qd8 56.Re8 Qd7 57.Re4 Kc5
58.Qb8 Rb6 59.Rc4+ Kxc4 60.Qxb6 Qb5 61.Qxh6 a5 62.Qc6+ Kb4 63.Qe6 a4 64.d6 a3
65.d7 a2 66.Qe1+  1-0

[Event "5th Kolkata Open"]
[Site "Kolkata IND"]
[Date "2012.12.09"]
[Round "7"]
[White "Vidit,S"]
[Black "Sengupta,D"]
[Result "1/2-1/2"]
[WhiteElo "2527"]
[BlackElo "2540"]

1.d4 d5 2.c4 dxc4 3.e4 Nc6 4.Nf3 Bg4 5.d5 Ne5 6.Bf4 Ng6 7.Be3 e5 8.Bxc4 a6
9.Be2 Nf6 10.Nc3 Bd6 11.O-O O-O 12.Nd2 Bd7 13.a4 h6 14.Nc4 Bb4 15.Qc2 Qe7
16.Rfd1 b5 17.Na3 Nf4 18.Bxf4 exf4 19.axb5 axb5 20.Naxb5 Rxa1 21.Rxa1 Qc5
22.Qd3 Re8  1/2-1/2

[Event "FSIM December 2012"]
[Site "Budapest HUN"]
[Date "2012.12.10"]
[Round "9.3"]
[White "Kislik,E"]
[Black "Lyell,M"]
[Result "1-0"]
[WhiteElo "2361"]
[BlackElo "2226"]

1.d4 d5 2.c4 dxc4 3.e4 Nc6 4.Nf3 Nf6 5.Nc3 Bg4 6.Be3 e6 7.Bxc4 Bb4 8.Qd3 O-O
9.Nd2 e5 10.d5 Nd4 11.Bxd4 exd4 12.Qxd4 Nd7 13.f3 Bc5 14.Qd3 Ne5 15.Qe2 Bh5
16.O-O-O Qf6 17.h4 h6 18.g4 Bg6 19.g5 Qf4 20.h5 Bh7 21.d6 Qxg5 22.dxc7 Nc6
23.Nd5 Nd4 24.Qf1 Qe5 25.f4 Qe8 26.f5 b5 27.f6 Qc6 28.Qg2 Ne6 29.fxg7 Ng5
30.gxf8=Q+ Bxf8 31.Qf2 bxc4 32.Qd4 Qe6 33.Rhf1 Bg7 34.Qc5 Kh8 35.Ne7 Bxb2+
36.Kxb2 Nxe4 37.Nxe4 Bxe4 38.c8=Q+  1-0

[Event "Amplico ch-EUR Blitz"]
[Site "Warsaw POL"]
[Date "2012.12.14"]
[Round "3.2"]
[White "Riazantsev,A"]
[Black "Romanov,E"]
[Result "1-0"]
[WhiteElo "2705"]
[BlackElo "2616"]

1.d4 d5 2.c4 dxc4 3.e4 Nf6 4.e5 Nd5 5.Bxc4 Nb6 6.Bb3 Nc6 7.Ne2 Bf5 8.Nbc3 e6
9.O-O Qd7 10.Be3 O-O-O 11.Rc1 Kb8 12.Na4 Be7 13.Nc5 Bxc5 14.Rxc5 Qe7 15.a3 Qxc5
16.dxc5 Rxd1 17.Rxd1 Nd5 18.Bxd5 exd5 19.f4 Bg4 20.Rd2 Bxe2 21.Rxe2 d4 22.Bd2 Re8
23.Kf2 Kc8 24.Kf3 Kd7 25.Ke4 f6 26.Kd5 Re6 27.b4 a6 28.Re1 fxe5 29.fxe5 h6
30.g4 Ke7 31.h3 Kd7 32.Re4 Ne7+ 33.Kxd4 Nc6+ 34.Kd5 Ne7+ 35.Kc4 b5+  1-0

[Event "Amplico ch-EUR Blitz"]
[Site "Warsaw POL"]
[Date "2012.12.14"]
[Round "10.2"]
[White "Nyzhnyk,I"]
[Black "Romanov,E"]
[Result "0-1"]
[WhiteElo "2637"]
[BlackElo "2616"]

1.d4 d5 2.c4 dxc4 3.e4 Nf6 4.e5 Nd5 5.Bxc4 Nb6 6.Bd3 Nc6 7.Be3 Nb4 8.Be4 f5
9.exf6 exf6 10.Nc3 f5 11.Bf3 N4d5 12.Nge2 Nxe3 13.fxe3 Bd6 14.Qb3 Qe7 15.O-O-O Be6
16.d5 Bd7 17.Nd4 O-O-O 18.Rhe1 Bxh2 19.e4 fxe4 20.Nxe4 Bd6 21.Kb1 Ba4 22.Qc3 Bxd1
23.Nf5 Qf8 24.Nexd6+ Kb8 25.Re7 Rc8 26.Rf7 cxd6 27.Rxf8 Rhxf8 28.Qb4 Bc2+
29.Ka1 Bxf5 30.Qxd6+ Ka8 31.b3 Rc1+ 32.Kb2 Rfc8 33.Qe5 g6 34.d6 Nd7 35.Qb5 R1c2+
36.Ka3 Rb8 37.Qd5 h5 38.Qf7 Rc5 39.Qe7 Re5 40.Qf7 a6 41.Qc4 Ka7 42.Qd4+ Ka8
43.Qc4 Ra5+ 44.Kb2 Rb5 45.a4 Rb6 46.Qc7 Ka7 47.Ka3 Be6 48.b4 Rf8 49.b5 axb5
50.a5 Rxf3+ 51.gxf3 Rc6 52.Qd8 Rxd6 53.Kb4 Bc4 54.Qe7 Rd3  0-1

[Event "Amplico ch-EUR Rapid"]
[Site "Warsaw POL"]
[Date "2012.12.15"]
[Round "3.18"]
[White "Fedoseev,Vl3"]
[Black "Bartel,Mi"]
[Result "1-0"]
[WhiteElo "2514"]
[BlackElo "2273"]

1.d4 d5 2.c4 dxc4 3.e4 Nf6 4.e5 Nd5 5.Bxc4 Nc6 6.Ne2 Nb6 7.Bb3 Bf5 8.Bg5 Qd7
9.Nbc3 f6 10.Be3 fxe5 11.dxe5 Nxe5 12.O-O Qxd1 13.Raxd1 c6 14.Nd4 Bg4 15.f3 Bd7
16.Ne6 Bxe6 17.Bxe6 g6 18.Bd4 Bg7 19.f4  1-0

[Event "Amplico ch-EUR Rapid"]
[Site "Warsaw POL"]
[Date "2012.12.15"]
[Round "4.12"]
[White "Gajewski,G"]
[Black "Berzinsh,R"]
[Result "1/2-1/2"]
[WhiteElo "2644"]
[BlackElo "2411"]

1.d4 d5 2.c4 dxc4 3.e4 Nc6 4.d5 Ne5 5.Bf4 Ng6 6.Be3 e5 7.Bxc4 Bd6 8.Nc3 a6
9.Nf3 Nf6 10.O-O O-O 11.a3 Qe7 12.Be2 h6 13.Nd2 Nf4 14.Nc4 Nxe2+ 15.Qxe2 Ng4
16.Nxd6 cxd6 17.Bb6 f5 18.Rac1 Bd7 19.exf5 Bxf5 20.f4 Rae8 21.h3 Nf6 22.fxe5 Nd7
23.Bd4 Nxe5 24.Bxe5 Qxe5 25.Qxe5 Rxe5 26.Rf4 Bd7 27.Rc4 Rf7 28.Rf1 Rfe7 29.Rc7 Be8
30.Rc8 Kh7 31.Rd8 Bd7 32.Rf4 Re1+ 33.Kh2 Rc1 34.Ne4 Rd1 35.Nxd6 Rxd5 36.Nxb7 Bc6
37.Rxd5 Bxd5 38.Nc5 Re2 39.Rg4 a5 40.b4 axb4 41.axb4 Rb2 42.Nd3 Rb3 43.Rd4 Bc6
44.g4 g5 45.Ne5 Bb5 46.Kg2 Kg7 47.Re4 Kf6 48.Kh2 Be8 49.Nf3 Bc6  1/2-1/2

[Event "Ptuj Open 2012"]
[Site "Ptuj SLO"]
[Date "2012.12.22"]
[Round "1.1"]
[White "Krumpacnik,D"]
[Black "Suta,Andraz"]
[Result "1-0"]
[WhiteElo "2353"]
[BlackElo "1776"]

1.d4 d5 2.c4 dxc4 3.e4 e5 4.Nf3 exd4 5.Bxc4 Nc6 6.O-O Be6 7.Bxe6 fxe6 8.Qb3 Qd7
9.Qxb7 Rb8 10.Qa6 Bd6 11.e5 Bxe5 12.Nxe5 Nxe5 13.Qxa7 Nc6 14.Qc5 Nge7 15.b4 Nxb4
16.Ba3 Nbc6 17.Qh5+ Ng6 18.Rd1 Ne7 19.Qf3 Rf8 20.Qh5 Kf7 21.Qg4 Rbd8 22.Bxe7 Qxe7
23.Nd2 Kg8 24.a4 Rf4 25.Qg3 Rdf8 26.a5 Qc5 27.Qb3 Rxf2 28.Ne4 Qf5 29.Nxf2 Qxf2+
30.Kh1 Nf4 31.Ra2 Qh4 32.a6 d3 33.a7 Nh3 34.Qxe6+  1-0

[Event "5th Marseille Open"]
[Site "Marseille FRA"]
[Date "2012.12.27"]
[Round "3.50"]
[White "Ulloa,Philippe"]
[Black "Bertrand,Nicolas"]
[Result "0-1"]
[WhiteElo "1469"]
[BlackElo "1534"]

1.d4 d5 2.c4 dxc4 3.e4 e5 4.d5 Nf6 5.Nc3 Nbd7 6.Bxc4 Nb6 7.Bd3 Be7 8.h3 O-O
9.Nf3 Bd6 10.O-O h6 11.Re1 Re8 12.a3 Bd7 13.b4 c6 14.dxc6 Bxc6 15.Re3 Qe7
16.Nh4 Bd7 17.Rg3 Kh8 18.Bb5 Rg8 19.Bxd7 Qxd7 20.Nf5 Bc7 21.Rd3 Qe6 22.Nb5 Qc4
23.Nxc7 Qxc7 24.Qf3 Rad8 25.Rc3 Qd7 26.Bb2 Na4 27.Rb3 Nxb2 28.Rxb2 Qd3 29.Qxd3 Rxd3
30.f3 Rc8 31.a4 Kh7 32.Kf2 g6 33.Ke2 Rd7 34.Ne3 Kg7 35.Rab1 Ng8 36.a5 Ne7
37.b5 a6 38.b6 Rc5 39.Ra1 Nc6 40.Rba2 Nd4+ 41.Ke1 Nb3 42.Rb1 Rxa5 43.Rc2 Nc5
44.Nd5 Ne6 45.Rbc1 Kf8 46.Rc8+ Rd8 47.Rxd8+ Nxd8 48.Rc8 Ke8 49.Rc7 Rb5 50.Re7+ Kf8
51.Rxe5 Nc6 52.Re8+ Kxe8 53.Nc7+ Kd7 54.Nxb5 axb5 55.Kd2 Na5 56.Kc3 Kc6 57.Kb4 Kxb6
58.g4 Nc6+ 59.Kc3 Kc5 60.f4 b4+ 61.Kb3 Nd4+ 62.Kb2 Kc4 63.h4 b3 64.g5 h5
65.f5 gxf5 66.e5 f4 67.e6 Nxe6  0-1

[Event "88th Hastings Masters"]
[Site "Hastings ENG"]
[Date "2013.01.02"]
[Round "6.15"]
[White "Arkell,K"]
[Black "Grant,A"]
[Result "1-0"]
[WhiteElo "2470"]
[BlackElo "2165"]

1.d4 d5 2.c4 dxc4 3.e4 Nc6 4.d5 Ne5 5.Bf4 Ng6 6.Bg3 e5 7.Bxc4 Nf6 8.Nc3 Bd6
9.Bb5+ Bd7 10.Qa4 O-O 11.Bxd7 Nxd7 12.Nf3 a6 13.O-O Qe7 14.Rfe1 h6 15.Nh4 Nxh4
16.Bxh4 Qxh4 17.Qxd7 Rac8 18.Rac1 Rfd8 19.Qf5 g6 20.Qf3 Kg7 21.Na4 Qe7 22.Qe3 b6
23.Rc6 Rb8 24.Rec1 Rb7 25.a3 Rd7 26.Qe2 Ra7 27.g3 h5 28.Kg2 Rd8 29.Qc2 h4
30.Qe2 Rh8 31.Qg4 Raa8 32.Nc3 Rad8 33.Nd1 Qd7 34.Qxd7 Rxd7 35.Ne3 hxg3 36.hxg3 Rb8
37.Nc4 a5 38.Nxd6 cxd6 39.Rc7 Rxc7 40.Rxc7 b5 41.Ra7 b4 42.Rxa5 Rc8 43.Ra4 bxa3
44.bxa3 Kf8 45.Ra6 Ke7 46.Ra7+ Ke8 47.a4 Rc4 48.f3 f5 49.exf5 gxf5 50.a5 Ra4
51.a6 Kf8 52.Kf2 Ra3 53.Ke2 e4 54.fxe4 fxe4 55.g4 Kg8 56.g5 Kf8 57.g6 Kg8
58.Kf2 Rf3+ 59.Kg2 Ra3 60.Kh2 Ra1 61.Kg3 e3 62.Kf3 Ra3 63.Ke2  1-0

[Event "Australian Open 2013"]
[Site "Cammeray AUS"]
[Date "2013.01.04"]
[Round "3.48"]
[White "Sandalciyan,Aram"]
[Black "Fry,P"]
[Result "0-1"]
[WhiteElo "1686"]
[BlackElo "1893"]

1.d4 d5 2.c4 dxc4 3.e4 Nc6 4.Be3 e5 5.d5 Nce7 6.Bxc4 Nf6 7.Nc3 a6 8.Nf3 Ng6
9.h3 Bd6 10.Qd2 O-O 11.Rc1 b5 12.Bd3 Bd7 13.Ne2 Nh5 14.g4 Nhf4 15.Nxf4 exf4
16.Bd4 Qe7 17.O-O Rfe8 18.Rfe1 Nh4 19.Qe2 Nxf3+ 20.Qxf3 f6 21.Qe2 Rac8 22.f3 c6
23.dxc6 Bxc6 24.Rc2 Bd7 25.Rec1 Rxc2 26.Rxc2 Rc8 27.Kg2 Be5 28.Bf2 Qd6 29.Rxc8+ Bxc8
30.Qc2 Be6 31.a3 Bxb2 32.Bc5 Qc6 33.Bb4 Qxc2+ 34.Bxc2 Bc4 35.a4 Kf7 36.h4 Ke6
37.axb5 axb5 38.Bc5 Ke5 39.Bb6 Be2 40.Bb1 b4  0-1

[Event "88th Hastings Masters"]
[Site "Hastings ENG"]
[Date "2013.01.05"]
[Round "9.17"]
[White "Eames,R"]
[Black "Grant,A"]
[Result "1-0"]
[WhiteElo "2263"]
[BlackElo "2165"]

1.d4 d5 2.c4 dxc4 3.e4 Nc6 4.Nf3 Bg4 5.d5 Ne5 6.Be2 Bxf3 7.gxf3 e6 8.Nc3 exd5
9.exd5 Bd6 10.Be3 Ne7 11.f4 Nd3+ 12.Bxd3 cxd3 13.Qxd3 Qd7 14.O-O-O h6 15.Rhg1 Nf5
16.Ne4 O-O-O 17.Bxa7 Bxf4+ 18.Kb1 Ne7 19.Nc3 Rhg8 20.Rge1 f6 21.Bc5 Bd6 22.Qc4 Kb8
23.Bxd6 cxd6 24.Nb5 Nc8 25.Re3 Na7 26.Nxa7 Kxa7 27.Ra3+ Kb8 28.Qd4 Rc8 29.Qa7+ Kc7
30.Rb3 Qf5+ 31.Ka1 Kd8 32.Rxb7 Qxd5 33.Re1 Qc6 34.a3 Re8 35.Qa5+ Rc7 36.Rxe8+  1-0

[Event "TCh-FIN SM 2012-13"]
[Site "Salo FIN"]
[Date "2013.01.12"]
[Round "8.3"]
[White "Sisatto,O"]
[Black "Rantanen,Y"]
[Result "1-0"]
[WhiteElo "2258"]
[BlackElo "2355"]

1.d4 d5 2.c4 dxc4 3.e4 Nc6 4.d5 Ne5 5.Bf4 Ng6 6.Be3 Nf6 7.Nc3 e5 8.Bxc4 a6
9.Nf3 Ng4 10.Bg5 Qd6 11.O-O h6 12.Bd2 Be7 13.Ne2 O-O 14.Ng3 Nf4 15.h3 Nf6
16.Bxf4 exf4 17.e5 Qb4 18.exf6 Bxf6 19.Nh5 Qxc4 20.Rc1 Qxa2 21.Nxf6+ gxf6
22.Qd4 Rd8 23.Qxf6 Qxd5 24.Rxc7 Bf5 25.Ne5 Be6 26.Re1 Qa5 27.Rxf7  1-0

[Event "Dvorkovich Mem 2013"]
[Site "Taganrog RUS"]
[Date "2013.01.17"]
[Round "3.8"]
[White "Fedoseev,Vl3"]
[Black "Timofeev,Arty"]
[Result "1/2-1/2"]
[WhiteElo "2514"]
[BlackElo "2616"]

1.d4 d5 2.c4 dxc4 3.e4 Nc6 4.Nf3 Bg4 5.d5 Ne5 6.Bf4 Ng6 7.Be3 Nf6 8.Nc3 e5
9.Bxc4 a6 10.Be2 Bd6 11.Nd2 Bd7 12.g3 b5 13.a3 O-O 14.h4 h6 15.Nb3 c6 16.h5 Ne7
17.dxc6 Bxc6 18.f3 Qb8 19.Kf2 Nd7 20.g4 Bc7 21.g5 Bb6 22.gxh6 Bxe3+ 23.Kxe3 gxh6
24.Bd3 Kh8 25.Ke2 Rg8 26.Qc1 Qd6 27.Kf2 Nc5 28.Bc2 Nxb3 29.Bxb3 Qd4+ 30.Kf1 Qd3+
31.Kf2 Qd4+ 32.Kf1 Rg5 33.Ne2 Qd6 34.Qe3 f5 35.Rd1 Qf6 36.Ke1 Rf8 37.Kd2 fxe4
38.fxe4 Qf2 39.Qxf2 Rxf2 40.Ke3 Rgg2 41.Rd8+ Kg7 42.Bd1 Rh2 43.Rg1+ Rhg2
44.Rxg2+ Rxg2 45.Rd6 Rh2 46.Re6 Rh3+ 47.Kd2 Kf7 48.Rxh6 Bxe4 49.Nc3 Rh2+
50.Kc1 Bd3 51.Rd6 e4 52.Bb3+ Kg7 53.Rxa6 b4 54.h6+  1/2-1/2

[Event "Dvorkovich Mem 2013"]
[Site "Taganrog RUS"]
[Date "2013.01.21"]
[Round "7.4"]
[White "Volkov,Sergey1"]
[Black "Popov,Iv RUS"]
[Result "0-1"]
[WhiteElo "2590"]
[BlackElo "2623"]

1.d4 d5 2.c4 dxc4 3.e4 Nf6 4.e5 Nd5 5.Bxc4 Nb6 6.Bd3 Nc6 7.Be3 Nb4 8.Be4 f5
9.exf6 exf6 10.Nc3 f5 11.Bf3 N4d5 12.Nh3 Nxe3 13.Qe2 Qxd4 14.fxe3 Qh4+ 15.Nf2 Bd6
16.e4 O-O 17.O-O-O Be6 18.g3 Qf6 19.exf5 Qxf5 20.Bxb7 Rab8 21.Ba6 Bxa2 22.Nfe4 Bf7
23.Rhf1 Qa5 24.Nxd6 cxd6 25.Qb5 Qxb5 26.Nxb5 Nc4 27.Nxd6 Ne3 28.Nxf7 Nxf1
29.Rxf1 Rxf7 30.Bc4 Rc8 31.Rf4 g5 32.Rg4 Kf8 33.Kd2 Rf5 34.b3 Rd8+ 35.Kc3 Re5
36.Bf1 Rd1 37.Ba6 h5 38.Rb4 Re3+ 39.Kc2 Rh1 40.Kd2 Re6 41.Bc4 Rxh2+ 42.Kd3 Re7
43.Rb5 g4 44.Rg5 Rg7 45.Rf5+ Ke7 46.Ra5 Kd8 47.Ke3 h4 48.gxh4 g3 49.Rd5+ Kc7
50.Rc5+ Kb6 51.Rb5+ Kc6 52.Rg5 Rxg5 53.hxg5 Rb2 54.g6 g2  0-1

[Event "TCh-CAT Div Hon 2013"]
[Site "Catalonia ESP"]
[Date "2013.01.26"]
[Round "2.3"]
[White "Delorme,Ax"]
[Black "Prie,E"]
[Result "1-0"]
[WhiteElo "2471"]
[BlackElo "2516"]

1.d4 d5 2.c4 dxc4 3.e4 Nf6 4.e5 Nd5 5.Bxc4 Nb6 6.Bd3 Nc6 7.Be3 Nb4 8.Be4 f5
9.exf6 exf6 10.Nc3 f5 11.Bb1 N4d5 12.Nf3 Nxe3 13.fxe3 Bd6 14.e4 O-O 15.e5 Be7
16.Qb3+ Kh8 17.h4 c6 18.Bd3 a5 19.a4 Nd5 20.Nxd5 Be6 21.Bc4 cxd5 22.Bd3 Bb4+
23.Ke2 Qe8 24.h5 Qe7 25.Raf1 Rac8 26.Qa2 Bd7 27.Nh4 Qg5 28.Ng6+ Kg8 29.Nf4 Bc6
30.Rf3 Rce8 31.Rhh3 Qd8 32.Rhg3 Rf7 33.Qb1 Qb6 34.Bxf5 Qxd4 35.Bxh7+ Kh8
36.Ng6+ Kxh7 37.Nf8+ Kg8 38.Qh7+ Kxf8 39.Rxf7+ Kxf7 40.Qxg7+ Ke6 41.Rg6+ Kf5
42.Qf6+  1-0

[Event "18th HIT Open A 2013"]
[Site "Nova Gorica SLO"]
[Date "2013.01.26"]
[Round "2.1"]
[White "Titan,M"]
[Black "Korneev,O"]
[Result "0-1"]
[WhiteElo "2135"]
[BlackElo "2610"]

1.d4 d5 2.c4 dxc4 3.e4 Nc6 4.Nf3 Bg4 5.d5 Ne5 6.Bf4 Ng6 7.Be3 e5 8.Bxc4 Bd6
9.Bb5+ Kf8 10.O-O Nf6 11.Nc3 a6 12.Be2 b5 13.a3 Qe7 14.Nd2 Bd7 15.b4 Nf4
16.Nb3 h5 17.Nc5 Ng4 18.Bxg4 hxg4 19.g3 Bc8 20.Qd2 Qg5 21.f3 gxf3 22.Rxf3 Qh5
23.Rxf4 exf4 24.gxf4 g5 25.e5 gxf4 26.exd6 Rg8+ 27.Kf1 Qh3+  0-1

[Event "18th HIT Open A 2013"]
[Site "Nova Gorica SLO"]
[Date "2013.01.28"]
[Round "6.18"]
[White "Unuk,Laura"]
[Black "Cokan,M"]
[Result "1-0"]
[WhiteElo "2008"]
[BlackElo "1807"]

1.d4 d5 2.c4 dxc4 3.e4 e5 4.Nf3 exd4 5.Bxc4 Nc6 6.O-O Be6 7.Bxe6 fxe6 8.Qb3 Qd7
9.Bf4 Bd6 10.e5 Bc5 11.Ng5 Nd8 12.Nd2 Bb6 13.Qd3 g6 14.Nde4 h6 15.Qh3 Nc6
16.Nxe6 Rh7 17.Rfe1 Ba5 18.Nf6+ Nxf6 19.exf6 Ne7 20.Ng7+ Rxg7 21.fxg7 Bxe1
22.Rxe1 Qd5 23.Bg5 Qxg5 24.g8=Q+  1-0

[Event "ch-TUR 2013"]
[Site "Antalya TUR"]
[Date "2013.02.05"]
[Round "6.11"]
[White "Simsek,C"]
[Black "Yildiz,B"]
[Result "1/2-1/2"]
[WhiteElo "2073"]
[BlackElo "2368"]

1.d4 d5 2.c4 dxc4 3.e4 Nc6 4.Nf3 Bg4 5.d5 Ne5 6.Bf4 Ng6 7.Bg3 e5 8.Bxc4 Bd6
9.Bb5+ Bd7 10.Bxd7+ Qxd7 11.Nbd2 Nf6 12.O-O O-O 13.Re1 Rac8 14.Nc4 Qe7 15.Nh4 Rfe8
16.Nf5 Qd7 17.Qf3 Bb4 18.Red1 b5 19.Nce3 c6 20.Nh6+ Kf8 21.dxc6 Qxc6 22.Nd5 Be7
23.Nf5 Nxd5 24.exd5 Qd7 25.h4 Bc5 26.Qg4 f6 27.h5 Nf4 28.Bxf4 exf4 29.Qxf4 Re5
30.Ng3 Rxd5 31.Rxd5 Qxd5 32.h6 Qg5 33.hxg7+ Kxg7 34.Qf3 Bb6 35.Rd1 Rc1 36.Nf5+ Kg6
37.Nh4+ Kh6 38.Nf5+ Kg6 39.Nh4+ Kh6 40.Nf5+  1/2-1/2

[Event "Chess Classic ELO Open 2013"]
[Site "Baden-Baden GER"]
[Date "2013.02.14"]
[Round "8.3"]
[White "Sanikidze,T"]
[Black "Karpatchev,A"]
[Result "1-0"]
[WhiteElo "2553"]
[BlackElo "2484"]

1.d4 d5 2.c4 dxc4 3.e4 c5 4.d5 Nf6 5.Nc3 b5 6.Bf4 Qa5 7.a4 Nxe4 8.Ne2 Nd6
9.axb5 Qb6 10.Ng3 Nd7 11.Qe2 Nxb5 12.Nxb5 Qxb5 13.Ne4 Qb4+ 14.Bd2 Qb8 15.Qxc4 Nb6
16.Qxc5 Qe5 17.Bb5+ Bd7 18.O-O Qxd5 19.Bxd7+ Kxd7 20.Rxa7+ Rxa7 21.Qxb6 Rc7
22.Ba5 Rc6 23.Qb7+ Ke6 24.Nc3 Qc4 25.Qb8 f5 26.Qe8 Rc8 27.Re1+ Kf6 28.Nd5+ Qxd5
29.Qxc8 Qxa5 30.Qe6+ Kg5 31.h4+ Kxh4 32.Re3 g6 33.Rh3+ Kg4 34.Rg3+ Kh5 35.Qe3 f4
36.Qxf4 g5 37.Qf7+  1-0

[Event "Aeroflot Open Rapid KO"]
[Site "Moscow RUS"]
[Date "2013.02.15"]
[Round "1.3"]
[White "Sjugirov,S"]
[Black "Dlugy,M"]
[Result "1-0"]
[WhiteElo "2646"]
[BlackElo "2524"]

1.d4 d5 2.c4 dxc4 3.e4 e5 4.Nf3 Bb4+ 5.Bd2 Bxd2+ 6.Qxd2 exd4 7.Nxd4 Nf6 8.Nc3 O-O
9.Bxc4 Re8 10.O-O-O a6 11.Rhe1 c5 12.Nb3 Qxd2+ 13.Rxd2 b5 14.Bd5 Nxd5 15.Nxd5 Ra7
16.Nxc5 f5 17.e5 Nc6 18.f4 Kf7 19.Kb1 Rd8 20.Red1 a5 21.g3 b4 22.Nb6 Re8
23.Nc4 Ke7 24.Rd6 Rc7 25.R6d5 Rd8 26.Ne3 Be6 27.Nxe6  1-0

[Event "Aeroflot Open Rapid KO"]
[Site "Moscow RUS"]
[Date "2013.02.15"]
[Round "1.1"]
[White "Sjugirov,S"]
[Black "Dlugy,M"]
[Result "1-0"]
[WhiteElo "2646"]
[BlackElo "2524"]

1.d4 d5 2.c4 dxc4 3.e4 e5 4.Nf3 Bb4+ 5.Bd2 Bxd2+ 6.Qxd2 exd4 7.Nxd4 Nf6 8.Nc3 O-O
9.O-O-O c5 10.Ndb5 Qxd2+ 11.Rxd2 a6 12.Nd6 b5 13.e5 Ng4 14.f4 Nc6 15.Nce4 f6
16.exf6 Nxf6 17.Nxc5 Rd8 18.g3 Nb4 19.Bg2 Rb8 20.a3 Nd3+ 21.Nxd3 Rxd6 22.Nc5 Rxd2
23.Kxd2 a5 24.Kc3 Bf5 25.Re1 Kf7 26.Re5 g6 27.Bf3 Rd8 28.a4 bxa4 29.Kxc4 Rb8
30.Nb7 Be6+ 31.Kc3 Bg4 32.Bg2 Bd7 33.Rxa5 Ng4 34.Nc5 Be8 35.Ra7+ Kg8 36.Bd5+ Kh8
37.Bf3 Ne3 38.Ra5 Rc8 39.Ra8 h5  1-0

[Event "ch-ROU 2013"]
[Site "Baile Olanesti ROU"]
[Date "2013.02.18"]
[Round "3.21"]
[White "Acsinte,M"]
[Black "Toma,Ra"]
[Result "0-1"]
[WhiteElo "2030"]
[BlackElo "2219"]

1.d4 d5 2.c4 dxc4 3.e4 Nf6 4.e5 Nd5 5.Bxc4 Nb6 6.Bd3 Nc6 7.Ne2 Bg4 8.Be3 Qd7
9.f3 Bf5 10.Bxf5 Qxf5 11.O-O O-O-O 12.Nd2 f6 13.f4 Nd5 14.Qb3 Qd7 15.Ne4 e6
16.Bf2 f5 17.N4c3 Be7 18.Rfd1 Nb6 19.a3 g5 20.Be3 gxf4 21.Nxf4 Bg5 22.Nce2 Bxf4
23.Bxf4 Nd5 24.Rac1 Rhg8 25.Rd3 Rg4 26.g3 Rdg8 27.Kh1 Qg7 28.Rd2 h5 29.Qa4 Qd7
30.Rdc2 Nxf4 31.Nxf4 Rxf4 32.Rxc6 Qd5+ 33.Kg1 bxc6 34.Rxc6 Qxd4+  0-1

[Event "ch-ROU w 2013"]
[Site "Baile Olanesti ROU"]
[Date "2013.02.22"]
[Round "7.12"]
[White "Nastase,Andreea-Cristina"]
[Black "Morea,G"]
[Result "0-1"]
[WhiteElo "1651"]
[BlackElo "1870"]

1.d4 d5 2.c4 dxc4 3.e4 Nf6 4.e5 Nd5 5.Bxc4 Nc6 6.Ne2 Nb6 7.Bb3 Bg4 8.Nbc3 e6
9.a3 h5 10.Be3 h4 11.h3 Bh5 12.Qd2 Be7 13.Nf4 g5 14.Nxh5 Rxh5 15.Bd1 Rh8
16.Be2 Qd7 17.Bb5 O-O-O 18.Na4 Qd5 19.Bxc6 Qxc6 20.Nxb6+ axb6 21.f3 f6 22.Rc1 Qb5
23.Qc3 Rd7 24.Qc4 Qxb2 25.Qxe6 Qxg2 26.Rf1 fxe5 27.dxe5 Re8 28.Qb3 Qg3+ 29.Ke2 Qxe5
30.Qxb6 Bd6 31.Qa7 Rde7 32.Qa8+ Kd7 33.Qa4+ c6 34.Qg4+ Kc7 35.Qg1 Qxe3+ 36.Qxe3 Rxe3+
37.Kd2 Rxa3  0-1

[Event "ch-ROU 2013"]
[Site "Baile Olanesti ROU"]
[Date "2013.02.22"]
[Round "9.12"]
[White "Balla,Ta"]
[Black "Toma,Ra"]
[Result "1-0"]
[WhiteElo "2366"]
[BlackElo "2219"]

1.d4 d5 2.c4 dxc4 3.e4 Nf6 4.e5 Nd5 5.Bxc4 Nb6 6.Bd3 Nc6 7.Ne2 Bg4 8.f3 Bh5
9.Nbc3 e6 10.Be3 Qd7 11.Rc1 Nb4 12.Nf4 Bg6 13.Be2 O-O-O 14.O-O N4d5 15.Ncxd5 Nxd5
16.Nxd5 Qxd5 17.Qa4 Kb8 18.Bc4 Qd7 19.Bb5 Qd5 20.Rc3 c6 21.Bc4 Qd7 22.d5 b5
23.dxc6 bxa4 24.cxd7 Rxd7 25.Bb5 Rd5 26.Bxa4 Bb4 27.Rb3 a5 28.a3 Bc2 29.Rxb4+ axb4
30.Bxc2 Rc8 31.Be4 Rb5 32.axb4 Rxb4 33.Ra1 Rxb2 34.Ra8+ Kc7 35.Ra7+ Kb8 36.Rxf7 Rc3
37.Ba7+ Kc8 38.h4 g6 39.Bd4 Rc1+ 40.Kh2  1-0

[Event "Reykjavik Open 2013"]
[Site "Reykjavik ISL"]
[Date "2013.02.22"]
[Round "5.29"]
[White "Jayakumar,A"]
[Black "Thorhallsson,T"]
[Result "1-0"]
[WhiteElo "2271"]
[BlackElo "2441"]

1.d4 d5 2.c4 dxc4 3.e4 e5 4.Nf3 exd4 5.Bxc4 Bb4+ 6.Nbd2 Nc6 7.O-O Qe7 8.Nb3 Bg4
9.Nbxd4 Nxd4 10.Qxd4 f6 11.Bxg8 Rxg8 12.Qd5 Rf8 13.Qxb7 Kf7 14.Bf4 Rfe8 15.Rac1 Rac8
16.a3 Bd6 17.Qd5+ Kf8 18.Bxd6 cxd6 19.Nd2 Rc5 20.Qd4 Rec8 21.Nb3 Re5 22.f3 Rb8
23.Nd2 Be6 24.b4 d5 25.f4 Rh5 26.Rfe1 dxe4 27.Qxe4 Re8 28.Nf3 Qd7 29.Rcd1 Qc7
30.Nd4 Qb6 31.Qc6 Bf7 32.Rxe8+ Bxe8 33.Qxb6 axb6 34.f5  1-0